[Event "National I"]
[Site "Besancon FRA"]
[Date "2003.04.05"]
[Round "5"]
[White "Santo Roman,M"]
[Black "Feller,S"]
[Result "1-0"]
[WhiteElo "2382"]
[BlackElo "1974"]

1.e4 e6 2.d4 d5 3.Nc3 Nf6 4.e5 Nfd7 5.f4 c5 6.Nf3 Nc6 7.Be3 cxd4 8.Nxd4 Bc5
9.Qd2 a6 10.O-O-O O-O 11.Kb1 Qc7 12.Nce2 b5 13.Nxc6 Qxc6 14.Nd4 Bxd4 15.Bxd4 a5
16.Bd3 Nc5 17.Qc3 Ba6 18.Bxc5 Rfc8 19.Bd4 Qd7 20.Qxa5 Qc6 21.Qb4 Rab8 22.g4 Re8
23.f5 f6 24.fxe6 fxe5 25.Bxe5 Rb7 26.Qd6 Rxe6 27.Qxc6 Rxc6 28.Rhf1 Rc8  1-0

[Event "Classics GM"]
[Site "Gausdal NOR"]
[Date "2003.04.05"]
[Round "3"]
[White "Paehtz,E"]
[Black "Daly,C"]
[Result "1/2-1/2"]
[WhiteElo "2384"]
[BlackElo "2353"]

1.e4 e6 2.d4 d5 3.Nc3 Nf6 4.e5 Nfd7 5.f4 c5 6.Nf3 Nc6 7.Be3 cxd4 8.Nxd4 Bc5
9.Qd2 O-O 10.O-O-O a6 11.Kb1 Nxd4 12.Bxd4 b5 13.Qe3 Qc7 14.Bd3 b4 15.Ne2 a5
16.h4 Ba6 17.Rh3 Rfc8 18.Rg3 Bxd4 19.Nxd4 Bxd3 20.cxd3 a4 21.f5 b3 22.a3 Qxe5
23.fxe6 fxe6 24.Qxe5 Nxe5 25.Nxe6 Ra6 26.Nxg7 Rg6 27.Rxg6 hxg6 28.Ne6 Rc2
29.Nf4 d4 30.Rf1 Kh7 31.g3 Rd2 32.Kc1 Rc2+ 33.Kb1 Kh6 34.Rh1 Rd2 35.Kc1 Rf2
36.Rg1 Kg7 37.Rd1 Rc2+ 38.Kb1 Rh2 39.Kc1 Rc2+ 40.Kb1 Rf2 41.Kc1 Nf3 42.Kb1 Kf6
43.Nd5+ Kf5 44.Ne7+ Kg4 45.Nxg6 Kxg3 46.Rh1 Nd2+ 47.Kc1 Nf1 48.h5 Kg2 49.Rh4 Rc2+
50.Kd1 Ne3+ 51.Ke1 Rxb2 52.h6 Rf2 53.Nf4+ Kf3 54.Rh3+ Kxf4 55.Kxf2 Nd1+ 56.Kg2 b2
57.Rf3+ Kg4 58.Rg3+ Kf4 59.Rf3+ Kg4 60.Rg3+  1/2-1/2

[Event "IM"]
[Site "Deizisau GER"]
[Date "2003.04.12"]
[Round "1"]
[White "Baramidze,D"]
[Black "Zaragatski,I"]
[Result "1-0"]
[WhiteElo "2440"]
[BlackElo "2336"]

1.e4 e6 2.d4 d5 3.Nc3 Nf6 4.e5 Nfd7 5.Nce2 c5 6.f4 cxd4 7.Nxd4 Nc6 8.Ngf3 Nxd4
9.Nxd4 Nb8 10.Be3 Nc6 11.c3 Qb6 12.b4 a5 13.a3 Nxd4 14.Bxd4 Qd8 15.Bd3 Be7
16.O-O O-O 17.Qc2 h6 18.Qe2 f5 19.Rae1 Bd7 20.Kh1 axb4 21.axb4 g6 22.g4 Kh7
23.Rg1 Qe8 24.Rg2 Qf7 25.Reg1 Rg8 26.Rg3 Ba4 27.Qg2 Bb3 28.Qf1 Bh4 29.R3g2 Ra2
30.Rxa2 Bxa2 31.Rg2 Bb3 32.Rb2 Bc4 33.Bxc4 dxc4 34.h3 fxg4 35.hxg4 Rf8 36.Be3 Qc7
37.Qg2 Ra8 38.Rd2 Rd8 39.Bd4 Be7 40.Rd1 Qc6 41.Qxc6 bxc6 42.Ra1 Bxb4 43.Bb6 Rb8
44.Ra7+ Kg8 45.Bc7 Rb5 46.cxb4 Rxb4 47.Ra6 c3 48.Rxc6 Rxf4 49.g5 Rh4+ 50.Kg2 Rg4+
51.Kf3 Rxg5 52.Rxc3 Rf5+ 53.Kg3 Rg5+ 54.Kf4 Rf5+ 55.Ke4 g5 56.Bd6 Kf7 57.Rc7+ Kg6
58.Re7 Rf4+ 59.Ke3 Kf5 60.Rf7+ Kg4 61.Rf6 h5 62.Rxe6 h4 63.Re8 h3 64.Rh8 Rf1
65.Ke2 Rf4 66.Rh6 Re4+ 67.Kf2 Ra4 68.e6 Ra2+ 69.Ke3 Kf5 70.e7 Ra7 71.Rxh3 Ke6
72.Rh6+ Kd7 73.Rf6 Ra6 74.Rf8  1-0

[Event "6th St Quentin Open"]
[Site "Elancourt FRA"]
[Date "2003.04.12"]
[Round "1"]
[White "Fayolle,G"]
[Black "Legky,N"]
[Result "0-1"]
[WhiteElo "2047"]
[BlackElo "2497"]

1.e4 e6 2.d4 d5 3.Nc3 Nf6 4.e5 Nfd7 5.f4 c5 6.Nf3 Nc6 7.Be3 a6 8.Qd2 b5 9.g4 cxd4
10.Bxd4 Nxd4 11.Qxd4 Bc5 12.Qd2 h5 13.g5 Qb6 14.Ne2 Bf2+ 15.Kd1 Nc5 16.Nc3 Ne4
17.Qd3 Bb7 18.Ke2 b4 19.Nb1 a5 20.Kd1 Ba6 21.Qb3 Nc5  0-1

[Event "IM"]
[Site "Deizisau GER"]
[Date "2003.04.14"]
[Round "5"]
[White "Bindrich,F"]
[Black "Braun,A"]
[Result "0-1"]
[WhiteElo "2284"]
[BlackElo "2324"]

1.e4 e6 2.d4 d5 3.Nc3 Nf6 4.e5 Nfd7 5.Nce2 c5 6.f4 Nc6 7.Nf3 b5 8.a3 Qb6
9.c3 a5 10.dxc5 Bxc5 11.Ned4 Nxd4 12.cxd4 Be7 13.Bd3 Ba6 14.h4 b4 15.Bb1 Rc8
16.axb4 Bxb4+ 17.Kf2 f5 18.Rg1 h5 19.Bd2 Rc4 20.Be3 Ke7 21.Rh1 Rhc8 22.Rh3 g6
23.Rg3 Nf8 24.Ra2 R4c6 25.Rh3 Bc4 26.Ra1 Bb3 27.Qf1 Bc2 28.Rh1 Kf7 29.Kg3 Bxb1
30.Rxb1 Rc2 31.Rc1 Rxc1 32.Bxc1 Rc2 33.Qd1 Qc6 34.Rf1 Qc4 35.Ng5+ Ke7 36.Nh3 Nd7
37.Nf2 Nb8 38.Nd3 Bd2 39.Rf3 Bxc1 40.b3 Qxb3 41.Nf2 Qc4  0-1

[Event "IM"]
[Site "Evry FRA"]
[Date "2003.04.15"]
[Round "6"]
[White "Barletta,D"]
[Black "David,Vi"]
[Result "0-1"]
[WhiteElo "2214"]
[BlackElo "2351"]

1.e4 e6 2.d4 d5 3.Nc3 Nf6 4.e5 Nfd7 5.f4 c5 6.Nf3 Nc6 7.Be3 a6 8.Qd2 b5 9.Qf2 Qb6
10.Bd3 cxd4 11.Nxd4 Bc5 12.Nce2 b4 13.Rd1 a5 14.h4 Nxd4 15.Bxd4 O-O 16.O-O Ba6
17.c3 bxc3 18.Bxc5 Qxc5 19.Nxc3 Bxd3 20.Rxd3 Rab8 21.b3 Rfc8 22.Rfd1 Rb4
23.g3 h5 24.Ne2 Qxf2+ 25.Kxf2 Nc5 26.Re3 Ne4+ 27.Ke1 Rc2 28.a3 Rb8 29.Rc1 Ra2
30.a4 Rb2 31.Nd4 Rb4 32.Rd3 Nxg3 33.Rc8+ Kh7 34.Nxe6 fxe6 35.Rxg3 Re4+ 36.Kf1 Rxf4+
37.Kg1 Re4 38.Rf8 Re1+ 39.Rf1 Rxe5 40.Rf7 Re1+ 41.Rf1 Rxf1+ 42.Kxf1 Kg8 43.Rc3 Kf7  0-1

[Event "FSGM April"]
[Site "Budapest HUN"]
[Date "2003.04.16"]
[Round "12"]
[White "Aagaard,J"]
[Black "Kraai,J"]
[Result "1-0"]
[WhiteElo "2343"]
[BlackElo "2454"]

1.e4 e6 2.d4 d5 3.Nc3 Nf6 4.e5 Nfd7 5.f4 c5 6.Nf3 Nc6 7.Be3 cxd4 8.Nxd4 Bc5
9.Qd2 O-O 10.O-O-O a6 11.Nb3 b6 12.Kb1 a5 13.Bb5 Qc7 14.Rhe1 Bb7 15.Bxc6 Bxc6
16.Nd4 Rad8 17.g4 Rfe8 18.Qf2 Bb4 19.Bd2 Bxc3 20.Bxc3 Nc5 21.Qh4 Rc8 22.f5 Ne4
23.Rxe4 dxe4 24.f6 Kh8 25.fxg7+ Kg8 26.Re1 Bd5 27.Re3 Qc4 28.b3 Qf1+ 29.Kb2 Qf4
30.Rh3 h6 31.Ne2 Qg5 32.Qxg5 hxg5 33.Bd2 e3 34.Bxe3 Bg2 35.Rh5 Bf3 36.Ng3 Bxg4
37.Rxg5 Bf5 38.Nh5 Rxc2+ 39.Ka3 Bg6 40.Nf6+ Kxg7 41.Nxe8+ Kf8 42.Nd6 Rxh2
43.Bxb6 Bb1 44.Bxa5 Rxa2+ 45.Kb4 Rf2 46.Bb6 Rf4+ 47.Kc3 f6 48.exf6 Rxf6 49.Bc5 Rf3+
50.Kb2 Bh7 51.b4 Bd3 52.Nc4+ Ke8 53.Ne5  1-0

[Event "Seniorsko"]
[Site "Nisa YUG"]
[Date "2003.04.16"]
[Round "9"]
[White "Perunovic,Mio"]
[Black "Maksimovic,B"]
[Result "1-0"]
[WhiteElo "2402"]
[BlackElo "2387"]

1.e4 e6 2.d4 d5 3.Nc3 Nf6 4.e5 Nfd7 5.f4 c5 6.Nf3 Nc6 7.Be3 a6 8.Qd2 cxd4
9.Nxd4 Bc5 10.O-O-O Bxd4 11.Bxd4 b5 12.Kb1 O-O 13.Bf2 Qc7 14.h4 b4 15.Na4 a5
16.h5 Ba6 17.Bxa6 Rxa6 18.Nc5 Nxc5 19.Bxc5 Rc8 20.Bd6 Qb7 21.Rh3 Na7 22.f5 Nb5
23.f6 Nc3+ 24.Ka1 Ne4 25.Qf4 gxf6 26.Qh6 f5 27.Rdd3 f4 28.Rh4 f5 29.exf6 Qa7
30.Rg4+ Kh8 31.Rd1  1-0

[Event "ch-FAI"]
[Site "Torshavn FAI"]
[Date "2003.04.17"]
[Round "8"]
[White "Pilgaard,K"]
[Black "Simonsen,H"]
[Result "1-0"]
[WhiteElo "2440"]
[BlackElo "2224"]

1.e4 e6 2.d4 d5 3.Nc3 Nf6 4.e5 Nfd7 5.f4 c5 6.Nf3 Nc6 7.Be3 cxd4 8.Nxd4 Bc5
9.Qd2 O-O 10.g3 a6 11.Bg2 Qc7 12.O-O Nb6 13.b3 Bd7 14.Nce2 Rac8 15.Kh1 Nxd4
16.Nxd4 Bb5 17.Rfd1 Nd7 18.a4 Bc6 19.c3 b5 20.a5 Ba8 21.b4 Be7 22.Rac1 Nb8
23.Rf1 Nc6 24.Rce1 Nd8 25.Rc1 f6 26.exf6 Bxf6 27.Ne2 Nc6 28.Bb6 Qf7 29.Nd4 Nxd4
30.cxd4 Rc4 31.Rfe1 Bc6 32.Bc5 Re8 33.Re2 Bd7 34.Rce1 Qh5 35.Qd3 Kf7 36.f5 g6
37.fxe6+ Rxe6 38.Rxe6 Bxe6 39.Qe3 Bd7 40.Rf1 Be6 41.Qf4 Bf5 42.Qc7+ Kg8 43.Qb8+ Kf7
44.Bxd5+  1-0

[Event "7th Neckar Open"]
[Site "Deizisau GER"]
[Date "2003.04.19"]
[Round "5"]
[White "Brustman,A"]
[Black "Buhmann,R"]
[Result "0-1"]
[WhiteElo "2354"]
[BlackElo "2526"]

1.e4 e6 2.d4 d5 3.Nc3 Nf6 4.e5 Nfd7 5.f4 c5 6.Nf3 Nc6 7.Be3 cxd4 8.Nxd4 Bc5
9.Qd2 O-O 10.O-O-O a6 11.h4 Nxd4 12.Bxd4 b5 13.Qe3 Qc7 14.Bd3 Bxd4 15.Qxd4 Qc5
16.Ne2 b4 17.Kb1 a5 18.h5 Ba6 19.h6 g6 20.g4 Qxd4 21.Nxd4 g5 22.f5 Bxd3 23.cxd3 exf5
24.e6 fxe6 25.Nxe6 fxg4 26.Nxf8 Rxf8 27.Rc1 Kf7 28.Rc7 Ke6 29.Rg1 Rf4 30.Ra7 Nf6
31.Rxa5 Kf5 32.a4 bxa3 33.bxa3 Kg6 34.a4 Kxh6 35.Ra8 Kg6 36.a5 h5 37.Kc2 h4
38.Ra1 g3 39.a6 g2 40.a7 Rf1 41.Rg8+ Nxg8 42.a8=Q Nf6 43.Ra6 g1=Q 44.Qe8+ Kf5
45.Qe6+ Kf4 46.Qxf6+ Kg4 47.Qe6+ Kg3 48.Ra3 Qc5+ 49.Kb2 Qb4+ 50.Rb3 Qd2+  0-1

[Event "41st Doeberl Cup"]
[Site "Canberra AUS"]
[Date "2003.04.21"]
[Round "6"]
[White "Solomon,SJ"]
[Black "Smerdon,D"]
[Result "0-1"]
[WhiteElo "2351"]
[BlackElo "2433"]

1.e4 e6 2.d4 d5 3.Nc3 Nf6 4.e5 Nfd7 5.f4 c5 6.Nf3 Nc6 7.Be3 cxd4 8.Nxd4 Bc5
9.Qd2 a6 10.O-O-O O-O 11.Nf3 b5 12.f5 b4 13.Bxc5 Nxc5 14.f6 gxf6 15.Qh6 Nxe5
16.Rd4 Ng6 17.Ne2 e5 18.Ng3 Kh8 19.Rxd5 Qe7 20.Nh5 Rg8 21.Rxc5 Qxc5 22.Nxf6 Rg7
23.Bd3 Bb7 24.Ng5 Qd4 25.Be4 Bxe4 26.Ngxh7 Ne7 27.Nf8+ Bh7 28.N8xh7 Qf4+
29.Qxf4 exf4 30.g3 Rxh7 31.Nxh7 Kxh7 32.gxf4 Kg6 33.h4 Nd5 34.h5+ Kf5 35.h6 Nxf4
36.h7 Rh8 37.Kd2 Rd8+ 38.Ke3 Ng6 39.Rh5+ Kg4 40.Ra5 Rh8 41.Rxa6 Rxh7 42.Rb6 Rh3+
43.Kd4 Kg5 44.c4 bxc3 45.bxc3 Rh2 46.a4 Rh4+ 47.Kd5 Rxa4 48.c4 f5 49.c5 f4
50.Rb1 f3 51.Rc1 Kf4 52.Kd6 Rd4+ 53.Ke6 Re4+ 54.Kd6 Ne5 55.Rf1 Rd4+ 56.Ke6 Nc6
57.Rh1 f2 58.Rh8 Kg3 59.Rg8+ Kf3 60.Rg6  0-1

[Event "Rhone Open"]
[Site "Lyon FRA"]
[Date "2003.04.29"]
[Round "4"]
[White "Bolding,K"]
[Black "Praud,JL"]
[Result "1-0"]
[WhiteElo "2309"]
[BlackElo "2158"]

1.e4 e6 2.d4 d5 3.Nc3 Nf6 4.e5 Ne4 5.Nxe4 dxe4 6.Be3 c5 7.dxc5 Nd7 8.Ne2 Qc7
9.Nc3 Bxc5 10.Nxe4 Bxe3 11.fxe3 Qxe5 12.Nd6+ Ke7 13.Nc4 Qc7 14.Qf3 Nf6 15.e4 b5
16.Qa3+ Kd8 17.O-O-O+  1-0

[Event "Rhone Open"]
[Site "Lyon FRA"]
[Date "2003.05.01"]
[Round "6"]
[White "Crapis,F"]
[Black "Scotti,U"]
[Result "0-1"]
[WhiteElo "2026"]
[BlackElo "2131"]

1.e4 e6 2.d4 d5 3.Nc3 Nf6 4.e5 Nfd7 5.f4 c5 6.Nf3 Nc6 7.Be3 cxd4 8.Nxd4 Bc5
9.Qd2 Nxd4 10.Bxd4 a6 11.O-O-O b5 12.g4 b4 13.Ne4 Qa5 14.Nxc5 Nxc5 15.Bxc5 Qxc5
16.h4 Bd7 17.f5 O-O 18.f6 Rfc8 19.Bd3 Bb5 20.Qg5 Qf8 21.h5 Bxd3 22.Rxd3 Rc4
23.Rg1 Rac8 24.Rd2 Re4 25.Qh4 Qc5 26.Qh2 Qe3 27.g5 Rec4 28.Kd1 Rh4 29.Rg3 Qxe5
30.Rh3 Qxg5  0-1

[Event "National I"]
[Site "Clermont-Ferrand FRA"]
[Date "2003.05.08"]
[Round "8"]
[White "Tirard,H"]
[Black "Schenk,Andreas"]
[Result "1-0"]
[WhiteElo "2393"]
[BlackElo "2473"]

1.e4 e6 2.d4 d5 3.Nc3 Nf6 4.e5 Nfd7 5.f4 c5 6.Nf3 Nc6 7.Be3 cxd4 8.Nxd4 Bc5
9.Qd2 O-O 10.O-O-O a6 11.Kb1 Nxd4 12.Bxd4 b5 13.Qf2 Qc7 14.Bd3 Bxd4 15.Qxd4 Bb7
16.Rhe1 Rfe8 17.Qf2 b4 18.Ne2 Bc6 19.Qh4 Nf8 20.Ng3 Bb5 21.f5 Bxd3 22.cxd3 exf5
23.Nxf5 Ng6 24.Qg3 Rxe5 25.Rc1 Qb8 26.Rf1 Re6 27.Rc7 Ra7 28.Rxa7 Qxa7 29.h4 f6
30.Rc1 Re8 31.d4 Qd7 32.Qg4 Kh8 33.g3 Nf8 34.h5 a5 35.Qf3 Ne6 36.h6 g6 37.Ne3 f5
38.Nxd5 Rd8 39.Nf4 Ng5 40.Qe3 Nf7 41.d5 Kg8 42.Ne6 Re8 43.Qd4 Nd8 44.Rc8 Qe7
45.Rxd8 Rxd8 46.Nxd8 Qe1+ 47.Kc2  1-0

[Event "National I"]
[Site "Clermont-Ferrand FRA"]
[Date "2003.05.08"]
[Round "8"]
[White "Nijboer,F"]
[Black "Mullon,J"]
[Result "1-0"]
[WhiteElo "2562"]
[BlackElo "2286"]

1.e4 e6 2.d4 d5 3.Nc3 Nf6 4.e5 Nfd7 5.f4 c5 6.Nf3 Nc6 7.Be3 a6 8.Qd2 b5 9.Be2 Bb7
10.O-O Qb6 11.Nd1 Rc8 12.c3 b4 13.Bf2 a5 14.f5 exf5 15.Ne3 Ne7 16.c4 cxd4
17.Nxd4 Nxe5 18.cxd5 g6 19.Bb5+ Nd7 20.Nc4 Qf6 21.Bh4 Qxh4 22.Nd6+ Kd8 23.Nxb7+ Kc7
24.d6+ Kxb7 25.Bxd7 Rd8 26.Nf3 Qc4 27.Rac1  1-0

[Event "National I"]
[Site "Clermont-Ferrand FRA"]
[Date "2003.05.09"]
[Round "9"]
[White "Fontaine,R"]
[Black "Kosten,A"]
[Result "0-1"]
[WhiteElo "2527"]
[BlackElo "2545"]

1.e4 e6 2.d4 d5 3.Nc3 Nf6 4.e5 Nfd7 5.f4 c5 6.Nf3 a6 7.Be3 Qb6 8.Na4 Qa5+
9.c3 cxd4 10.b4 Qc7 11.Bxd4 b5 12.Nb2 Nc6 13.a4 Nxd4 14.Qxd4 bxa4 15.Rxa4 Be7
16.Be2 O-O 17.O-O Nc5 18.Ra3 Bb7 19.Nd2 f6 20.Ra5 Nd7 21.Bg4 fxe5 22.Bxe6+ Kh8
23.fxe5 Nxe5 24.Raa1 Bf6 25.Qc5 Qxc5+ 26.bxc5 Bc6 27.Na4 Rae8 28.Bh3 Bg5
29.Rxf8+ Rxf8 30.Nf1 Rf4 31.Nb2 Be7 32.Ng3 Bxc5+ 33.Kh1 Bb5 34.Re1 Ng6 35.Be6 Rf2
36.Nd1 Rd2 37.Nf1 Re2 38.Rxe2 Bxe2 39.Nfe3 Nf4 40.Bf7 g6 41.h4 Kg7 42.Be8 Kf6
43.Bc6 Ke5 44.g3 Bf3+ 45.Kh2 Nd3 46.Nc4+ Ke6 47.Ncb2 Ne5 48.Bb7 a5 49.Na4 Ba7
50.Ndb2 Kd6 51.c4 Ng4+ 52.Kh3 Bg1 53.Nd3 Ne3 54.g4 Bxg4+ 55.Kg3 dxc4 56.Ndb2 Bc8  0-1

[Event "National I"]
[Site "Clermont-Ferrand FRA"]
[Date "2003.05.10"]
[Round "10"]
[White "Luther,T"]
[Black "Mullon,J"]
[Result "0-1"]
[WhiteElo "2571"]
[BlackElo "2286"]

1.e4 e6 2.d4 d5 3.Nc3 Nf6 4.e5 Nfd7 5.f4 c5 6.Nf3 Nc6 7.Be3 a6 8.Qd2 b5 9.a3 Qb6
10.Ne2 c4 11.Ng3 b4 12.axb4 Bxb4 13.c3 Bf8 14.Be2 Na5 15.Rb1 Nb3 16.Qc2 g6
17.O-O Nb8 18.Ng5 h6 19.Nf3 Nc6 20.Bf2 Ne7 21.Bd1 Bd7 22.Qe2 Bb5 23.Nh1 a5
24.Bh4 g5 25.fxg5 Nf5 26.g6 fxg6 27.Bf6 Rg8 28.Bc2 Ne7 29.Ng3 O-O-O 30.Kh1 a4
31.Rf2 Be8 32.Rbf1 Rd7 33.Qd1 Nf5 34.Nxf5 gxf5 35.Nh4 Bf7 36.Qf3 Kb7 37.Bd1 Qc6
38.Bc2 Kb6 39.h3 Ra7 40.Qd1 Qe8 41.Qf3 Bh5 42.Qe3 Kb5 43.Nf3 Bxf3 44.Qxf3 Kc6
45.Bd1 h5 46.Qxh5 Qxh5 47.Bxh5 Bh6 48.g4 Rh7 49.gxf5 Be3 50.Bg6 Rxh3+ 51.Rh2 Rg3
52.Bh4 Rg4 53.Re1 exf5 54.Rxe3 R8xg6 55.Bf2 Nd2 56.Rh8 Ne4 57.Rf3 f4 58.Rh5 Kd7
59.Rh7+ Ke6 60.Bh4 Nd2 61.Re7+ Kf5 62.Rf7+ Ke4  0-1

[Event "FSIMB May"]
[Site "Budapest HUN"]
[Date "2003.05.12"]
[Round "10"]
[White "Farago,S"]
[Black "Mercier,JP"]
[Result "0-1"]
[WhiteElo "2342"]
[BlackElo "2273"]

1.e4 e6 2.d4 d5 3.Nc3 Nf6 4.e5 Nfd7 5.Nce2 c5 6.c3 Nc6 7.f4 b5 8.Nf3 b4 9.Kf2 Be7
10.h4 bxc3 11.bxc3 Qa5 12.Bd2 Nb6 13.Nc1 Qa3 14.Rb1 c4 15.h5 h6 16.g4 Bd7
17.Qe2 O-O-O 18.Bh3 f6 19.exf6 gxf6 20.Qe3 Rde8 21.Ne2 e5 22.dxe5 fxe5 23.fxe5 Rhf8
24.Qxh6 Bh4+ 25.Kg2 Rxf3 26.Kxf3 Nxe5+ 27.Kg2 Nf7 28.Qe3 Rxe3 29.Bxe3 Qe7  0-1

[Event "Capablanca Mem Premier I"]
[Site "Havana CUB"]
[Date "2003.05.13"]
[Round "8"]
[White "Rodriguez Guerrero,E"]
[Black "Herraiz Hidalgo,H"]
[Result "1/2-1/2"]
[WhiteElo "2502"]
[BlackElo "2491"]

1.e4 e6 2.d4 d5 3.Nc3 Nf6 4.e5 Nfd7 5.f4 c5 6.Nf3 Nc6 7.Be3 a6 8.Qd2 b5 9.a3 Bb7
10.Qf2 Qa5 11.Rd1 Rc8  1/2-1/2

[Event "Master Open"]
[Site "Voronezh RUS"]
[Date "2003.06.14"]
[Round "3"]
[White "Maiorov,B"]
[Black "Eraschenkov,D"]
[Result "0-1"]
[WhiteElo "2288"]
[BlackElo "2412"]

1.e4 e6 2.d4 d5 3.Nc3 Nf6 4.e5 Nfd7 5.f4 c5 6.Nf3 Nc6 7.Be3 cxd4 8.Nxd4 Bc5
9.Qd2 O-O 10.O-O-O Nxd4 11.Bxd4 a6 12.h4 b5 13.h5 Qb6 14.Kb1 Bb7 15.Rh3 Rfc8
16.g4 Bxd4 17.Qxd4 Qxd4 18.Rxd4 f6 19.exf6 Nxf6 20.g5 Ne4 21.Nxe4 dxe4 22.c4 Rd8
23.Rxd8+ Rxd8 24.Kc2 b4 25.a3 Rf8 26.axb4 e5 27.f5 Rxf5 28.Be2 Rxg5 29.c5 Kf7
30.Ra3 Rg2 31.Kd1 Bd5 32.Rc3 Bc6 33.Rc2 Ke7 34.b3 Rg3 35.Ra2 Bb5 36.Bxb5 axb5
37.Ra7+ Ke6 38.h6 gxh6 39.Ra6+ Kf5 40.Kc2 Rg6 41.Rb6 h5 42.Rxb5 h4 43.Rb7 Rh6
44.Rb6 Rxb6 45.cxb6 h3 46.b7 h2 47.b8=Q h1=Q 48.Qf8+ Kg4 49.Qg7+ Kf4 50.Qf6+ Ke3
51.Qg5+ Ke2 52.Qd2+ Kf3 53.b5 e3 54.Qd5+ e4 55.Qf7+ Ke2 56.Qc4+ Kf2 57.Qd4 Qg2
58.Kc3 Qf3 59.b6 Kf1 60.b7 e2+ 61.Kb2 e1=Q 62.b8=Q e3 63.Qba7  0-1

[Event "FSGM June"]
[Site "Budapest HUN"]
[Date "2003.06.15"]
[Round "9"]
[White "Biro,S"]
[Black "Kraai,J"]
[Result "0-1"]
[WhiteElo "2334"]
[BlackElo "2454"]

1.e4 e6 2.d4 d5 3.Nc3 Nf6 4.e5 Nfd7 5.Nf3 Be7 6.Bd3 b6 7.h4 c5 8.Ng5 cxd4
9.Nxe6 fxe6 10.Qh5+ Kf8 11.Nb5 Nc6 12.Bh6 Ncxe5 13.Rh3 Nf7 14.Bxg7+ Kxg7
15.Nxd4 Nf6 16.Rg3+ Kf8 17.Qe2 e5 18.Nc6 Qd6 19.Nxe7 Qxe7 20.O-O-O Rg8  0-1

[Event "Master Open"]
[Site "Voronezh RUS"]
[Date "2003.06.16"]
[Round "4"]
[White "Voitsekhovsky,S"]
[Black "Ermolaev,A"]
[Result "1-0"]
[WhiteElo "2532"]
[BlackElo "2372"]

1.e4 e6 2.d4 d5 3.Nc3 Nf6 4.e5 Nfd7 5.f4 c5 6.Nf3 Nc6 7.Be3 a6 8.Qd2 b5 9.a3 Bb7
10.Qf2 Qb6 11.Bd3 cxd4 12.Nxd4 Nxd4 13.Bxd4 Bc5 14.Ne2 O-O 15.c3 f6 16.Qh4 g6
17.Qg3 Bxd4 18.cxd4 Qa5+ 19.b4 Qd8 20.h4 Kg7 21.h5 f5 22.Qh3 Rh8 23.g4 Kf7
24.Kf2 Rg8 25.hxg6+ hxg6 26.gxf5 exf5 27.Bxf5 Nf8 28.Bg4 a5 29.f5 gxf5 30.Qh5+ Ke7
31.Qxf5 Qb6 32.Rh7+ Nxh7 33.Qxh7+ Kf8 34.e6  1-0

[Event "Master Open"]
[Site "Voronezh RUS"]
[Date "2003.06.17"]
[Round "5"]
[White "Popov,Val"]
[Black "Chuprikov,D"]
[Result "1-0"]
[WhiteElo "2570"]
[BlackElo "2424"]

1.e4 e6 2.d4 d5 3.Nc3 Nf6 4.e5 Nfd7 5.Nce2 c5 6.c3 Nc6 7.f4 b5 8.a3 b4 9.dxc5 bxc3
10.b4 f6 11.Nxc3 fxe5 12.Bb5 Bb7 13.Nf3 a5 14.Bxc6 Bxc6 15.b5 Bxb5 16.Nxb5 Bxc5
17.f5 O-O 18.fxe6 Nf6 19.Bg5 Qb6 20.Bxf6 Rxf6 21.Qxd5 Rd8 22.Qa2 Kh8 23.Nc3 e4
24.Nxe4 Rxe6 25.Ng5 Bb4+ 26.axb4 Qxb4+ 27.Kf1 Rf8+ 28.Nf2 Qb5+ 29.Kg1 Re2
30.Nf7+  1-0

[Event "Master Open"]
[Site "Voronezh RUS"]
[Date "2003.06.18"]
[Round "6"]
[White "Voitsekhovsky,S"]
[Black "Eraschenkov,D"]
[Result "1-0"]
[WhiteElo "2532"]
[BlackElo "2412"]

1.e4 e6 2.d4 d5 3.Nc3 Nf6 4.e5 Nfd7 5.f4 c5 6.Nf3 Nc6 7.Be3 a6 8.Qd2 b5 9.a3 Qb6
10.Ne2 Bb7 11.dxc5 Bxc5 12.Ned4 Nxd4 13.Nxd4 Qc7 14.b4 Be7 15.Bd3 Nb6 16.O-O Nc4
17.Qc3 Rc8 18.Bf2 g5 19.f5 Nxe5 20.Qxc7 Rxc7 21.Bg3 Nxd3 22.Bxc7 Bf6 23.Bb6 Nf4
24.fxe6 Bxd4+ 25.Bxd4 Ne2+ 26.Kh1 Nxd4 27.exf7+ Kf8 28.Rae1 Bc6 29.c3  1-0

[Event "TCh-BIH"]
[Site "Jahorina BIH"]
[Date "2003.06.22"]
[Round "2"]
[White "Runic,Z"]
[Black "Jeremic,V"]
[Result "1/2-1/2"]
[WhiteElo "2409"]
[BlackElo "2462"]

1.e4 e6 2.d4 d5 3.Nc3 Nf6 4.e5 Nfd7 5.f4 c5 6.Nf3 Nc6 7.Be3 a6 8.Qd2 b5 9.g3 b4
10.Ne2 a5 11.dxc5 Nxc5 12.Ned4 Nxd4 13.Bxd4 Ba6 14.Bxa6 Nxa6 15.O-O Be7 16.f5 exf5
17.e6 O-O 18.exf7+ Rxf7 19.Rad1 Rc8 20.Ne5 Rf6 21.Nd3 Rf7 22.Qe3 Qd6 23.Be5 Qc6
24.Bd4 Bf6 25.Bxf6 Rxf6 26.Ne5 Qe6 27.Rfe1 Rxc2 28.Qb3 Rc8 29.Rxd5 Nc5 30.Qd1 Ne4
31.Nd7 Rf7 32.Qd4 h6 33.Nc5 Qb6 34.Nxe4 Qxd4+ 35.Rxd4 fxe4 36.Rdxe4  1/2-1/2

[Event "2nd Open"]
[Site "La Fere FRA"]
[Date "2003.06.28"]
[Round "1"]
[White "Swiercz,K"]
[Black "Benitah,Y"]
[Result "1-0"]
[WhiteElo "2026"]
[BlackElo "2412"]

1.e4 e6 2.d4 d5 3.Nc3 Nf6 4.e5 Nfd7 5.f4 c5 6.Nf3 Qb6 7.Na4 Qa5+ 8.c3 cxd4
9.Nxd4 a6 10.b4 Qc7 11.Bd2 Nc6 12.Bd3 Be7 13.O-O b5 14.Nb2 Nxd4 15.cxd4 Qa7
16.Be3 Bxb4 17.Qb3 Be7 18.a4 b4 19.a5 O-O 20.Rf3 f5 21.h3 Nb8 22.Rc1 Bd7
23.Na4 Nc6 24.Nc5 Rab8 25.Nxe6 Bxe6 26.Rxc6 Qd7 27.Rxa6 Ra8 28.Rxa8 Rxa8
29.a6 Qc6 30.Rf1 Bc8 31.Rc1 Qe6 32.Bxf5 Qxa6 33.Qxd5+ Kh8 34.Qxa8  1-0

[Event "2nd Open"]
[Site "La Fere FRA"]
[Date "2003.06.30"]
[Round "3"]
[White "Guliev,L"]
[Black "Benitah,Y"]
[Result "0-1"]
[WhiteElo "2386"]
[BlackElo "2412"]

1.e4 e6 2.d4 d5 3.Nc3 Nf6 4.e5 Nfd7 5.Nf3 c5 6.dxc5 Bxc5 7.Bf4 a6 8.Bd3 Nc6
9.O-O h6 10.a3 g5 11.Bg3 g4 12.Nh4 Ndxe5 13.Re1 Nxd3 14.cxd3 h5 15.Nf5 Qg5
16.d4 Ba7 17.Nxd5 O-O 18.Bh4 Qxf5 19.Re5 exd5 20.Rxf5 Bxf5 21.Bf6 Bg6 22.h3 gxh3
23.g4 Kh7 24.Kh2 Rg8 25.Kxh3 Rae8 26.f3 Re3 27.Kh4 Rd3 28.Qh1 Bxd4 29.Bxd4 Nxd4
30.Rf1 Kg7 31.g5 Re8 32.Kg3 Nf5+  0-1

[Event "White Nights"]
[Site "St Petersburg RUS"]
[Date "2003.07.01"]
[Round "3"]
[White "Yagupov,I"]
[Black "Vunder,A"]
[Result "1-0"]
[WhiteElo "2454"]
[BlackElo "2307"]

1.e4 e6 2.d4 d5 3.Nc3 Nf6 4.e5 Nfd7 5.f4 c5 6.Nf3 Nc6 7.Be3 a6 8.Qd2 b5 9.Bd3 b4
10.Na4 c4 11.Be2 Be7 12.O-O g6 13.g4 h5 14.f5 hxg4 15.fxe6 gxf3 16.exf7+ Kxf7
17.Bxf3 Nf6 18.Bg5 Bf5 19.Bxf6 Bxf6 20.exf6 Kxf6 21.c3 Rb8 22.Rae1 Qd6 23.Nc5 bxc3
24.bxc3 Rh4 25.Nxa6 Rbh8 26.Rf2 Kg7 27.Nc5 Nd8 28.Re5 Nf7 29.Rxd5 Qe7 30.Rg2 Qf6
31.Bd1 Re8 32.Qf2 Ng5 33.Rxf5 Qxf5 34.Qxf5 gxf5 35.Rxg5+ Kh6 36.Rxf5 Re1+
37.Rf1 Rxf1+ 38.Kxf1 Rxh2 39.Be2 Rh1+ 40.Kf2 Rc1 41.Ne4 Rc2 42.Ke3 Rxa2 43.d5 Kg7
44.Bxc4 Ra1 45.d6 Kf8 46.Kd4 Ke8 47.Be6  1-0

[Event "ch-IRL"]
[Site "Dublin IRL"]
[Date "2003.07.09"]
[Round "5"]
[White "Daly,C"]
[Black "Orr,M"]
[Result "1/2-1/2"]
[WhiteElo "2355"]
[BlackElo "2346"]

1.e4 e6 2.d4 d5 3.Nc3 Nf6 4.e5 Nfd7 5.f4 c5 6.Nf3 Nc6 7.Be3 a6 8.Qd2 b5 9.a3 Qb6
10.dxc5 Bxc5 11.Bxc5 Nxc5 12.b4 Na4 13.Nxa4 bxa4 14.Qf2 Qxf2+ 15.Kxf2 Ke7
16.Bd3 h6 17.h4 Bd7 18.Rhc1 Rhc8 19.Ke3 Nd8 20.Nd4 Nc6 21.c4 Nxd4 22.Kxd4 dxc4
23.Bxc4 Rd8 24.Ke3 Bb5 25.Bxb5 axb5 26.Rc7+ Rd7 27.Rac1 h5 28.R1c5 Rb8 29.R5c6 Rd8
30.Rxd7+ Rxd7 31.Rc5 Rb7 32.Kf3 g6 33.g4 hxg4+ 34.Kxg4 Kf8 35.h5 gxh5+ 36.Kxh5 Rd7
37.Rxb5 Rd3 38.f5 exf5 39.Kg5 Ke7 40.Kxf5 Rf3+ 41.Ke4 Rxa3 42.Kd5 Rd3+ 43.Kc4 Rd8
44.Rb7+ Ke6 45.b5 Kxe5 46.Rxf7 Kd6 47.Ra7 a3 48.Rxa3 Kc7 49.Kc5 Kb7 50.Rh3 Rc8+
51.Kb4 Rc1 52.Rh7+ Kb6 53.Rh6+ Kb7 54.Rc6 Rxc6 55.bxc6+ Kxc6  1/2-1/2

[Event "Open A"]
[Site "Poznan POL"]
[Date "2003.07.09"]
[Round "3"]
[White "Owczarzak,J"]
[Black "Schmidt,Wl"]
[Result "1/2-1/2"]
[WhiteElo "2307"]
[BlackElo "2406"]

1.e4 e6 2.d4 d5 3.Nc3 Nf6 4.e5 Nfd7 5.f4 c5 6.Nf3 Nc6 7.Be3 a6 8.Qd2 b5 9.dxc5 Bxc5
10.Bxc5 Nxc5 11.Nd4 Bb7 12.Nxc6  1/2-1/2

[Event "ch-IRL"]
[Site "Dublin IRL"]
[Date "2003.07.10"]
[Round "6"]
[White "Orr,M"]
[Black "O'Cinneide,M"]
[Result "1-0"]
[WhiteElo "2346"]
[BlackElo "2258"]

1.e4 e6 2.d4 d5 3.Nc3 Nf6 4.e5 Nfd7 5.f4 c5 6.Nf3 Nc6 7.Be3 cxd4 8.Nxd4 Bc5
9.Qd2 a6 10.O-O-O O-O 11.Kb1 Nxd4 12.Bxd4 b5 13.h4 b4 14.Na4 Bxd4 15.Qxd4 a5
16.Bb5 Rb8 17.Bd3 Qc7 18.h5 Qc6 19.b3 Ba6 20.Bxa6 Qxa6 21.f5 Rbc8 22.Rd2 Kh8
23.g4 Rc7 24.g5 Qa7 25.Qf4 Nc5 26.h6 gxh6 27.fxe6 f5 28.exf6 Nxe6 29.Qe5  1-0

[Event "ch-BEL"]
[Site "Eupen BEL"]
[Date "2003.07.10"]
[Round "6"]
[White "Gulbas,C"]
[Black "Michiels,B"]
[Result "1/2-1/2"]
[WhiteElo "2340"]
[BlackElo "2376"]

1.e4 e6 2.d4 d5 3.Nc3 Nf6 4.e5 Nfd7 5.Nce2 c5 6.c3 Nc6 7.f4 Qb6 8.a3 f6 9.Nf3 Be7
10.b4 cxd4 11.Nexd4 fxe5 12.Nxe6 Nf6 13.Nfg5 h6 14.Nxg7+ Kf8 15.N5e6+ Kf7
16.f5 Bd7 17.Qf3 Bd6 18.Be2 Rag8 19.Nh5 e4 20.Qh3 Be5 21.Nxf6 Bxf6 22.Bh5+ Ke7
23.Nf4 Kd6 24.Bb2 Ne5 25.Rd1 Nd3+ 26.Nxd3 exd3 27.Qxd3 Kc7 28.Qf3 Bb5 29.Kd2 Ba4
30.Kc1 Bxd1 31.Rxd1 Kb8 32.Bf7 Rd8 33.Bxd5 Rhe8 34.c4 Bxb2+ 35.Kxb2 Qf6+
36.Kb1 Re5 37.Be6 Rxd1+ 38.Qxd1 Re3 39.Ka2 a6 40.Qd6+ Ka8 41.Qc5  1/2-1/2